000
00237nam a2200097Ia 4500
005
20251222114401.0
008
251222s1900||||xx |||||||||||||| ||spa||
082
_a
DVD0111/D78L/2000/Ej.2
245
0
_a
Las locuras del emperador:
942
_c
DVD
999
_c
1642
_d
1642